Návody na cvičenia z hydrológie

Bibliographic Details
Main Authors: Krajčírová, Zuzana, 1934- (Author), Antal, Jaroslav, 1945- (Author)
Format: Book
Language:Slovak
PhysicalDescription:312 s., 23,94 AH Tb. Sch. 29 cm
Published: Nitra Vysoká škola poľnohospodárska 1984
Edition:2. preprac. vyd.
Series:Vysokoškolské učebné texty
Subjects:

MARC

LEADER 00000nam a2200000 a 4500
001 vtls001093935
003 SK-MaSNL
005 20260301153359.0
008 250414s1984 xo 0 slo
015 |a SNBA1985/03 
035 |a SNK000036777 
040 |a SNK  |b slo  |c SNK  |e AACR2 
041 0 |a slo 
044 |a xo  |c SK 
080 |a 556(075.8)(076.5)  |2 1981 
100 1 |a Krajčírová, Zuzana,  |d 1934-  |4 aut  |9 6685 
245 1 0 |a Návody na cvičenia z hydrológie  |c Zuzana Krajčírová, Jaroslav Antal 
250 |a 2. preprac. vyd. 
260 |a Nitra  |b Vysoká škola poľnohospodárska  |c 1984  |e Nitra  |f Edičné stredisko VŠP 
300 |a 312 s., 23,94 AH  |b Tb. Sch.  |c 29 cm 
366 |e 100 výtl. 
490 1 |a Vysokoškolské učebné texty 
504 |a Obsahuje bibliografiu 
650 0 7 |a hydrológia  |2 SNKPH  |9 853 
655 7 |a učebnice vysokých škôl  |2 SNKPH  |9 70191 
655 7 |a praktické cvičenia  |2 SNKPH  |9 70517 
700 1 |a Antal, Jaroslav,  |d 1945-  |4 aut  |9 27237 
830 0 |a Vysokoškolské učebné texty  |9 276539 
852 |a Slovenská národná knižnica 
958 |a OND 
958 |a NB 
958 |a RM 
958 |a UV 
999 |c 792713  |d 794643 
952 |t P60, <04>, [BOOK], {604}  |a SNK  |b SNK  |y VYP  |7 0  |p 17A0204482  |o snkSB 38665 D1  |0 0  |1 0  |4 0  |d 1999-07-30  |l 0  |r 2004-12-31 00:00:00  |w 2026-02-24 
952 |a SNK  |b SNK  |y PREZ  |7 0  |p 17A0797395  |o snkSB 38665  |0 0  |1 0  |4 0  |d 2012-05-28  |f 1  |l 0  |r 2025-04-23 00:00:00  |w 2026-02-24